| 000 | 00520nam a2200205 a 4500 | ||
|---|---|---|---|
| 001 | BRL_1682 | ||
| 005 | 20190320211324.0 | ||
| 008 | 280414s1982----mx-#######---#000-0#spa-# | ||
| 041 | _aspa | ||
| 044 | _amx | ||
| 050 | 4 |
_aPC4420 _b.F84 1982 |
|
| 245 | 1 | 0 |
_aLa fuerza de las palabras _bcomo hablar y escribir para triunfar. |
| 250 | _a6a ed. | ||
| 260 |
_aMéxico _bReader´s Digest _c1982 |
||
| 300 |
_a800 p. _c24 cm. |
||
| 500 | _aAu2142 | ||
| 650 | 1 | 4 |
_aEspañol _xEstilo _927625 |
| 902 | _aGRL | ||
| 942 |
_2lcc _cB |
||
| 999 |
_c10491 _d10491 |
||